[Event "Kimry-ch"]
[Site "Kimry"]
[Date "2009.01.05"]
[Round "6"]
[White "Borzov, Vladimir"]
[Black "Makhnev, Yuri"]
[Result "1-0"]
[WhiteElo "2037"]
[BlackElo "1853"]
[PlyCount "73"]
[EventDate "2009.01.02"]
[EventType "swiss"]
[EventRounds "9"]
[EventCountry "RUS"]
[SourceTitle "EXT 2010"]
[Source "ChessBase"]
[SourceDate "2010.11.25"]
[SourceVersion "1"]
[SourceVersionDate "2010.11.25"]
[SourceQuality "1"]

1. Nf3 Nf6 2. g3 d5 3. Bg2 c6 4. 0-0 Bf5 5. d3 Nbd7 6. Nbd2 e5 7. c4 d4 8. Nh4 Bg4 9. Re1 Bd6 10. a3 a5 11. Rb1 0-0 12. h3 Be6 13. Nhf3 Qc7 14. Ng5 Bf5 15. b4 axb4 16. axb4 Ra7 17. Qb3 h6 18. Nge4 Be7 19. Bb2 Nxe4 20. Nxe4 Nf6 21. Nxf6+ Bxf6 22. b5 cxb5 23. Qxb5 Bd7 24. Qb4 Bc6 25. Ra1 Rfa8 26. Rxa7 Rxa7 27. Qc5 Ra2 28. Ba3 Qd7 29. Qf8+ Kh7 30. Qd6 Qxd6 31. Bxd6 Bxg2 32. Kxg2 Rb2 33. Kf3 Rb6 34. c5 Rb4 35. c6 Rb6 36. c7 Rc6 37. Rb1 1-0

[Event "Kimry-ch"]
[Site "Kimry"]
[Date "2009.01.03"]
[Round "3"]
[White "Presnyakov, Semen"]
[Black "Borzov, Vladimir"]
[Result "1/2-1/2"]
[WhiteElo "1983"]
[BlackElo "2037"]
[PlyCount "31"]
[EventDate "2009.01.02"]
[EventType "swiss"]
[EventRounds "9"]
[EventCountry "RUS"]
[SourceTitle "EXT 2010"]
[Source "ChessBase"]
[SourceDate "2010.11.25"]
[SourceVersion "1"]
[SourceVersionDate "2010.11.25"]
[SourceQuality "1"]

1. c4 Nf6 2. Nc3 g6 3. g3 Bg7 4. Bg2 0-0 5. Nf3 c6 6. 0-0 d6 7. d3 Re8 8. Bg5 h6 9. Bd2 Bg4 10. h3 Bxf3 11. Bxf3 Nbd7 12. b4 Qc8 13. Bg2 Rb8 14. a4 e6 15. Re1 Qd8 16. Be3 1/2-1/2

[Event "Zvenigorod Autumn op-B"]
[Site "Zvenigorod"]
[Date "2008.09.26"]
[Round "3"]
[White "Borzov, Vladimir"]
[Black "Obrezchikov, Mikhail"]
[Result "1/2-1/2"]
[WhiteElo "2060"]
[BlackElo "1992"]
[PlyCount "100"]
[EventDate "2008.09.25"]
[EventType "swiss"]
[EventRounds "9"]
[EventCountry "RUS"]
[SourceTitle "EXT 2022"]
[Source "ChessBase"]
[SourceDate "2021.10.06"]
[SourceVersion "1"]
[SourceVersionDate "2021.10.06"]
[SourceQuality "1"]

1. Nf3 Nf6 2. g3 b6 3. Bg2 Bb7 4. 0-0 d6 5. c4 Nbd7 6. Nc3 e6 7. Nd4 Bxg2 8. Kxg2 c5 9. Nf3 Be7 10. d4 cxd4 11. Qxd4 a6 12. Rd1 Qc7 13. b3 0-0 14. Ba3 Nc5 15. Rac1 Rfd8 16. e4 Nfd7 17. Bb2 Ne5 18. Nxe5 dxe5 19. Qe3 h6 20. h4 Nd7 21. Na4 Qb7 22. Rxd7 Qxd7 23. Nxb6 Qb7 24. Nxa8 Qxa8 25. Bxe5 Ba3 26. Rc2 Qc6 27. f3 Bc5 28. Qe2 Qd7 29. Bc3 Ba7 30. Rd2 Qc7 31. Rxd8+ Qxd8 32. Be1 Qd6 33. b4 Bd4 34. c5 Qc6 35. Qd3 Be5 36. Qc2 f6 37. Bf2 Kf7 38. Qb3 g5 39. hxg5 hxg5 40. g4 Qe8 41. a4 Qh8 42. Bg3 Bxg3 43. Kxg3 Qh1 44. Qe3 Qa1 45. c6 Qxa4 46. Qc5 Qa1 47. c7 Qe1+ 48. Kg2 Qe2+ 49. Qf2 Qc4 50. Qc5 Qe2+ 1/2-1/2

[Event "Dubna op"]
[Site "Dubna"]
[Date "2007.08.09"]
[Round "10"]
[White "Gavrjuchenkova, Angelina"]
[Black "Borzov, Vladimir"]
[Result "1/2-1/2"]
[WhiteElo "1947"]
[BlackElo "2109"]
[PlyCount "118"]
[EventDate "2007.08.02"]
[EventType "swiss"]
[EventRounds "14"]
[EventCountry "RUS"]
[SourceTitle "EXT 2008"]
[Source "ChessBase"]
[SourceDate "2007.11.25"]
[SourceVersion "1"]
[SourceVersionDate "2007.11.25"]
[SourceQuality "1"]

1. e4 c5 2. Nc3 d6 3. g3 Nc6 4. Bg2 g6 5. d3 Bg7 6. f4 e6 7. Nf3 Nge7 8. 0-0 0-0 9. Be3 Nd4 10. Rb1 Nec6 11. Ne2 Bd7 12. c3 Nxf3+ 13. Rxf3 Qa5 14. Qb3 Qb6 15. Qc2 Qa6 16. Ra1 b6 17. Qd2 Na5 18. Raf1 f5 19. R3f2 Rad8 20. h3 Nc6 21. a3 Ne7 22. g4 Bf6 23. g5 Bg7 24. Ng3 Bb5 25. Rd1 Ba4 26. Re1 Bb3 27. d4 fxe4 28. Bxe4 Rfe8 29. h4 Nf5 30. Nxf5 gxf5 31. Bd3 Qb7 32. Bb5 Rf8 33. Qe2 Bd5 34. Bc4 Rfe8 35. Bxd5 exd5 36. Qh5 Qd7 37. Rfe2 Re4 38. Bf2 Qe6 39. Kf1 Qg6 40. Qf3 Rde8 41. Qd3 Qe6 42. Qf3 a5 43. h5 Qd7 44. Qd3 Rc8 45. Qh3 cxd4 46. cxd4 Qb5 47. Qxf5 Rf8 48. Qh3 Rexf4 49. Kg1 Rxf2 50. Rxf2 Bxd4 51. Qe6+ Kh8 52. Ref1 Qc5 53. Qe2 Bxf2+ 54. Rxf2 Qd4 55. Kg2 Qe4+ 56. Kg1 Rxf2 57. Qxf2 Qg4+ 58. Kf1 Qd1+ 59. Kg2 Qg4+ 1/2-1/2

[Event "Dmitrov op"]
[Site "Dmitrov"]
[Date "2007.07.28"]
[Round "9"]
[White "Larina, Marija"]
[Black "Borzov, Vladimir"]
[Result "1-0"]
[WhiteElo "2092"]
[BlackElo "2109"]
[PlyCount "85"]
[EventDate "2007.07.22"]
[EventType "swiss"]
[EventRounds "12"]
[EventCountry "RUS"]
[SourceTitle "EXT 2022"]
[Source "ChessBase"]
[SourceDate "2021.10.06"]
[SourceVersion "1"]
[SourceVersionDate "2021.10.06"]
[SourceQuality "1"]

1. e4 c6 2. d4 d5 3. Nc3 Nd7 4. exd5 cxd5 5. Nxd5 Qa5+ 6. Nc3 Ngf6 7. Bd2 g6 8. Nf3 Bg7 9. Bc4 0-0 10. 0-0 Qc7 11. Qe2 a6 12. a4 Nb6 13. Bb3 Bg4 14. h3 Bxf3 15. Qxf3 Rad8 16. Bf4 Qd7 17. Rad1 Rc8 18. Qe2 e6 19. Be5 Rfd8 20. a5 Nbd5 21. Bxd5 Nxd5 22. Ne4 Qc6 23. Bxg7 Kxg7 24. Nc5 Qc7 25. Qe4 Nf6 26. Qxb7 Qd6 27. Qf3 Qb8 28. b3 Rd5 29. Qe2 Qd6 30. c3 Rc6 31. b4 Nd7 32. Nxd7 Qxd7 33. c4 Rdd6 34. b5 axb5 35. cxb5 Rc8 36. b6 Rd5 37. a6 Ra5 38. b7 Rd8 39. Rb1 Qd6 40. Ra1 Rxa1 41. Rxa1 Qxd4 42. Qa2 Qa7 43. Rb1 1-0

[Event "Dmitrov op"]
[Site "Dmitrov"]
[Date "2007.07.25"]
[Round "4"]
[White "Kiseljova, Marya"]
[Black "Borzov, Vladimir"]
[Result "1/2-1/2"]
[WhiteElo "2129"]
[BlackElo "2109"]
[PlyCount "38"]
[EventDate "2007.07.22"]
[EventType "swiss"]
[EventRounds "12"]
[EventCountry "RUS"]
[SourceTitle "EXT 2022"]
[Source "ChessBase"]
[SourceDate "2021.10.06"]
[SourceVersion "1"]
[SourceVersionDate "2021.10.06"]
[SourceQuality "1"]

1. d4 Nf6 2. c4 c6 3. Nc3 d5 4. e3 g6 5. Nf3 Bg7 6. Be2 0-0 7. 0-0 Nbd7 8. cxd5 cxd5 9. Qb3 e6 10. Bd2 Re8 11. Rac1 a6 12. a4 Bf8 13. Na2 Ne4 14. Bb4 Nb8 15. Bxf8 Rxf8 16. Nc3 Nd6 17. Qc2 Nc6 18. b3 Bd7 19. Rfd1 Rc8 1/2-1/2

[Event "Dmitrov op"]
[Site "Dmitrov"]
[Date "2007.07.23"]
[Round "2"]
[White "Borzov, Vladimir"]
[Black "Lepkasov, Vladislav"]
[Result "1/2-1/2"]
[WhiteElo "2109"]
[BlackElo "2005"]
[PlyCount "59"]
[EventDate "2007.07.22"]
[EventType "swiss"]
[EventRounds "12"]
[EventCountry "RUS"]
[SourceTitle "EXT 2022"]
[Source "ChessBase"]
[SourceDate "2021.10.06"]
[SourceVersion "1"]
[SourceVersionDate "2021.10.06"]
[SourceQuality "1"]

1. Nf3 d5 2. a4 c5 3. e4 dxe4 4. Ng5 Nf6 5. Nc3 Bf5 6. Bb5+ Nbd7 7. Qe2 a6 8. Ngxe4 Nxe4 9. Nxe4 e6 10. Bxd7+ Qxd7 11. d3 Be7 12. 0-0 0-0 13. a5 Bxe4 14. Qxe4 Rac8 15. Bd2 Bf6 16. Bc3 Bd4 17. Ra3 Rc6 18. Re1 h6 19. g3 e5 20. Bxd4 exd4 21. Raa1 Re6 22. Qf3 Rxe1+ 23. Rxe1 Qb5 24. Re7 Qxb2 25. Rxb7 Qa1+ 26. Kg2 Qxa5 27. Qc6 Qc3 28. Qxa6 Qxc2 29. Rc7 Re8 30. Rc8 1/2-1/2

[Event "Kimry op"]
[Site "Kimry"]
[Date "2003.??.??"]
[Round "1"]
[White "Kudrin, Vladimir1"]
[Black "Borzov, Vladimir"]
[Result "1-0"]
[WhiteElo "2009"]
[BlackElo "2141"]
[PlyCount "140"]
[EventDate "2003.??.??"]
[EventType "swiss"]
[EventRounds "9"]
[EventCountry "RUS"]
[SourceTitle "EXT 2006"]
[Source "ChessBase"]
[SourceDate "2005.11.24"]
[SourceVersion "1"]
[SourceVersionDate "2005.11.24"]
[SourceQuality "1"]

1. d4 Nf6 2. c4 e5 3. e3 Bb4+ 4. Bd2 Bxd2+ 5. Nxd2 Nc6 6. d5 Nb8 7. Bd3 d6 8. Ne2 Nbd7 9. 0-0 Nc5 10. Bc2 a5 11. Nc3 0-0 12. a3 a4 13. Nxa4 Nxa4 14. Bxa4 Ng4 15. h3 Nh6 16. Bc2 f5 17. f4 e4 18. Nb3 Qh4 19. Nd4 Bd7 20. Qe1 Qe7 21. b4 Rf6 22. Bd1 Nf7 23. Qh4 Qe8 24. Qf2 c5 25. dxc6 bxc6 26. Be2 Ra7 27. Rfc1 Qa8 28. Rc3 Nd8 29. Qe1 c5 30. Nc2 Ba4 31. bxc5 dxc5 32. Qc1 Rfa6 33. Ne1 Nf7 34. Ra2 Rd6 35. Rd2 Rad7 36. Rxd6 Rxd6 37. Nc2 Qd8 38. Kf1 Qf6 39. Na1 Rb6 40. Qe1 Rb2 41. Rc1 Qb6 42. Bd1 Bxd1 43. Qxd1 h6 44. Qe1 g5 45. Qc3 Rb1 46. Rxb1 Qxb1+ 47. Kf2 gxf4 48. exf4 e3+ 49. Kxe3 Qe4+ 50. Kf2 Qxf4+ 51. Kg1 Ne5 52. Nb3 Nxc4 53. Nxc5 Ne3 54. Qd3 Nc4 55. a4 Qc1+ 56. Kh2 Qf4+ 57. Qg3+ Qxg3+ 58. Kxg3 Kf7 59. Kf4 Kf6 60. a5 Nd6 61. Nb3 Nb5 62. Kf3 Nc7 63. Nd2 Ke5 64. Nc4+ Kd5 65. Ne3+ Ke5 66. g3 Ne6 67. Nc2 Nc5 68. Nb4 Nb3 69. a6 Nd4+ 70. Ke3 Nb5 1-0

[Event "Moscow-ch Region"]
[Site "Serpukhov"]
[Date "2002.??.??"]
[Round "6"]
[White "Denisov, Sergey"]
[Black "Borzov, Vladimir"]
[Result "1-0"]
[WhiteElo "2037"]
[BlackElo "2163"]
[PlyCount "36"]
[EventDate "2002.??.??"]
[EventType "swiss"]
[EventRounds "9"]
[EventCountry "RUS"]
[SourceTitle "EXT 2003"]
[Source "ChessBase"]
[SourceDate "2002.11.25"]
[SourceVersion "1"]
[SourceVersionDate "2002.11.25"]
[SourceQuality "1"]

1. e4 d5 2. exd5 Qxd5 3. Nc3 Qa5 4. b4 Qe5+ 5. Nge2 c6 6. Rb1 Nf6 7. d4 Qe6 8. Rb3 Nd5 9. Nxd5 cxd5 10. Re3 Qd6 11. Nc3 g6 12. Nb5 Qd8 13. Nc3 Na6 14. Rf3 Qd6 15. Bf4 Qd8 16. Be2 Bg7 17. a3 0-0 18. 0-0 Bf5 1-0

[Event "Moscow-ch Region"]
[Site "Serpukhov"]
[Date "2002.??.??"]
[Round "4"]
[White "Efankov, Egor"]
[Black "Borzov, Vladimir"]
[Result "0-1"]
[WhiteElo "2119"]
[BlackElo "2163"]
[PlyCount "93"]
[EventDate "2002.??.??"]
[EventType "swiss"]
[EventRounds "9"]
[EventCountry "RUS"]
[SourceTitle "EXT 2003"]
[Source "ChessBase"]
[SourceDate "2002.11.25"]
[SourceVersion "1"]
[SourceVersionDate "2002.11.25"]
[SourceQuality "1"]

1. e4 c6 2. d4 d5 3. Nc3 dxe4 4. Nxe4 Nd7 5. Nf3 Ngf6 6. Nxf6+ Nxf6 7. Be2 Bg4 8. 0-0 e6 9. c3 Bd6 10. h3 Bh5 11. Ne1 Bg6 12. Nd3 Qc7 13. Qa4 0-0 14. Re1 Rad8 15. Qb3 b6 16. Bg5 Be7 17. Ne5 Nd5 18. Nxg6 hxg6 19. Bxe7 Nxe7 20. Bf3 c5 21. dxc5 Qxc5 22. Rad1 Qc7 23. Rxd8 Rxd8 24. Rd1 Kf8 25. Qc2 Nf5 26. Rxd8+ Qxd8 27. Qe4 Nd6 28. Qd4 Qc7 29. b4 f6 30. b5 Ke7 31. Bc6 Nf5 32. Qe4 Kf7 33. Qc4 Qe5 34. Be4 Ne7 35. Qd4 Qxd4 36. cxd4 Ke8 37. Kf1 Kd7 38. Ke2 f5 39. Bf3 g5 40. Kd3 Kd6 41. Ba8 Ng6 42. g3 e5 43. dxe5+ Kxe5 44. Bb7 f4 45. g4 Ne7 46. Kc4 Ng6 47. Kd3 0-1

[Event "Moscow Region-ch"]
[Site "Dubna"]
[Date "2001.??.??"]
[Round "7"]
[White "Doronin, Maxim"]
[Black "Borzov, Vladimir"]
[Result "0-1"]
[WhiteElo "2294"]
[BlackElo "2163"]
[PlyCount "116"]
[EventDate "2001.??.??"]
[EventType "swiss"]
[EventRounds "9"]
[EventCountry "RUS"]
[SourceTitle "EXT 2006"]
[Source "ChessBase"]
[SourceDate "2005.11.24"]
[SourceVersion "1"]
[SourceVersionDate "2005.11.24"]
[SourceQuality "1"]

1. e4 c6 2. d4 d5 3. Nc3 dxe4 4. Nxe4 Nd7 5. Nf3 Ngf6 6. Nxf6+ Nxf6 7. Bc4 Bf5 8. 0-0 e6 9. Re1 Be7 10. c3 0-0 11. Ne5 Nd7 12. f4 Nxe5 13. fxe5 Qd7 14. Bf4 Rfd8 15. Qf3 b5 16. Be2 c5 17. Rad1 cxd4 18. Bd3 Bxd3 19. Qxd3 Qd5 20. cxd4 Qxa2 21. Qxb5 Rab8 22. Qc6 Qxb2 23. d5 exd5 24. Rxd5 Rxd5 25. Qxd5 Qb4 26. Bg3 Qc5+ 27. Qxc5 Bxc5+ 28. Bf2 Bxf2+ 29. Kxf2 Kf8 30. Kf3 a5 31. Ra1 Rb3+ 32. Kf4 Rb4+ 33. Ke3 a4 34. g3 h5 35. Ra2 Ke7 36. Kd3 Ke6 37. Re2 a3 38. Kc3 Ra4 39. Ra2 Kxe5 40. Kb3 Ra7 41. Re2+ Kf6 42. Ka2 g5 43. Rf2+ Kg6 44. Rc2 Ra6 45. Rc5 Ra4 46. Rd5 h4 47. Rc5 f5 48. Rc6+ Kh5 49. Rc5 Kg4 50. gxh4 gxh4 51. Rc3 f4 52. h3+ Kf5 53. Rc5+ Ke4 54. Rh5 Kf3 55. Rxh4 Kg3 56. Rh8 f3 57. Rf8 Rf4 58. Rg8+ Kh2 0-1